Główne Postaci z filmu SHREK - Statystyki

Ogólne statystyki
  • Ten quiz został rozwiązany 659 razy
  • Średni wynik to 5 z 9
Statystyki odpowiedzi
Odpowiedź % Poprawnych
Fiona
99%
Osioł
99%
Shrek
99%
Ciastek
65%
Pinokio
55%
Wróżka Chrzestna
43%
Książe z bajki
39%
Lord Farquaad
25%
Król i Królowa | Ojciec i Matka Fiony
4%
Nie znaleziono quizów pasujących do podanych kryteriów
Rozkład punktacji
Procent ludzi z każdym wynikiem
Percentyl według liczby udzielonych odpowiedzi
Twoja historia wyników
Nie rozwiązałeś tego quizu